Super Smash Bros. Charaktere - Statistiken

Allgemein
  • Dieses Quiz wurde 91 mal gespielt
  • Das Durchschnittsergebnis liegt bei 43 aus 76
Antwortstatistiken
Antwort % Korrekt
18 Dr. Mario
100%
1 Mario
100%
14 Bowser
97%
58 Bowser Jr.
97%
9 Luigi
97%
2 Donkey Kong
95%
13 Peach
93%
22 Junger Link
89%
43 Toon-Link
89%
3 Link
87%
17 Zelda
82%
13` Daisy
80%
6 Kirby
75%
8 Pikachu
75%
30 Wario
75%
5 Yoshi
74%
29 Zero Suit Samus
72%
4` Dunkle Samus
70%
4 Samus
70%
36 Diddy Kong
69%
7 Fox
69%
12 Pummeluff
69%
11 Captain Falcon
64%
10 Ness
64%
28` Finster Pit
62%
28 Pit
62%
39 König Dedede
61%
27 Meta-Knight
61%
20 Falco
59%
23 Ganondorf
59%
35 Glurak
59%
21 Marth
59%
24 Mewtu
57%
32 Ike
56%
60` Ken
56%
37 Lucas
56%
19 Pichu
52%
41 Lucario
51%
26 Mr. Game & Watch
51%
44 Wolf
51%
21` Lucina
49%
25 Roy
49%
38 Sonic
49%
54 Palutena
48%
48 Rosalina
48%
45 Bewohner
46%
69 Fuegro
46%
65 Ridley
46%
34 Bisaknosp
44%
15 Ice Climber
44%
16 Shiek
44%
63 Bayonetta
43%
40 Olimar
43%
68 Melinda
41%
66` Richter
41%
42 R.O.B.
41%
31 Snake
41%
25` Chrom
39%
64 Inkling
39%
67 King K. Rool
39%
50 Quajutsu
39%
66 Simon
38%
47 Wii Fit-Trainerin
38%
61 Cloud
36%
62 Corrin
36%
60 Ryu
36%
33 Schiggy
36%
57 Shulk
36%
56 Daraen
34%
49 Little Mac
34%
46 Mega Man
34%
55 Pac-Man
33%
53 Mii Schütze
31%
52 Mii Schwertkämpfer
31%
51 Mii Boxer
30%
59 Duck Hunt
25%
Keine übereinstimmenden Quizze gefunden
Verteilung der Resultate
Anzahl Personen mit jedem Resultat
Perzentil nach korrekt beantworteten Fragen
Ihre Resultats-Entwicklung
Sie haben dieses Quiz noch nicht gespielt